| 000 | 01213nam0a2200325 4500 | ||
|---|---|---|---|
| 001 | RU\NLR\bibl\839703 | ||
| 005 | 20250614144638.0 | ||
| 010 |
_a5-9533-0799-3 _93000 |
||
| 021 |
_aRU _b2005-48483 _92363 |
||
| 035 | _a(NLR Aleph) 000828530 | ||
| 090 |
_a1345987 _c1345987 |
||
| 100 | _a20050913d2005 |||y0rusy50 ca | ||
| 101 | 1 |
_arus _cund |
|
| 102 | _aRU | ||
| 105 | _aa ||||||||| | ||
| 200 | 1 |
_aНаполеон. Триумф, трагедия, убийство _fБен Вейдер в сотрудничестве с Эмилем Гегеном |
|
| 210 |
_aМосква _cВече _d2005 |
||
| 215 |
_a350 с., [8] л. ил. _cпортр. _d22 |
||
| 300 | _aНа 5-й с. авт.: историк Бен Вейдер | ||
| 517 | 0 | _aТриумф, трагедия, убийство | |
| 600 | 0 |
_aНаполеон _cимператор французский _dI _f1769 - 1821 _9897604 _3RU\NLR\auth\66325834 |
|
| 686 | _aТ3(4Фр)512-8 | ||
| 686 | _aЦ35(0)52-424дНаполеон | ||
| 700 | 1 |
_aВейдер _bБ. _gБен _4070 |
|
| 801 | 0 |
_aRU _bNLR _c20050913 _grcr |
|
| 801 | 1 |
_aRU _bNLR _c20050913 |
|
| 942 | _cBOOK | ||
| 980 | _aNB | ||